000
00340nam a2200145Ia 4500
008
230718s9999 xx 000 0 und d
041
_a
Eng.
082
_a
352.4
_b
PUN-P
100
_a
Punjab , Pakistan
245
0
_a
Punjab financial rule
260
_a
Pakistan
_b
Manzoor book house
_c
2011
300
_a
272
650
_a
Law
999
_c
30446
_d
30446